[Event "Yopal"]
[Site "Yopal"]
[Date "1997.06.24"]
[Round "5"]
[White "Miles, Anthony John"]
[Black "Rodriguez Cespedes, Amador"]
[Result "1-0"]
[WhiteElo "2550"]
[BlackElo "2555"]
[Annotator "Rodriguez,Am"]
[PlyCount "49"]
[EventDate "1997.06.20"]
[EventType "tourn"]
[EventRounds "9"]
[EventCountry "COL"]
[EventCategory "12"]
[SourceTitle "CBM 060"]
[Source "ChessBase"]
[SourceDate "1997.09.29"]
[SourceVersion "1"]
[SourceVersionDate "1997.09.29"]
[SourceQuality "1"]

1. c4 {Ribli} Nf6 2. Nc3 e5 3. Nf3 Nc6 4. e3 Bb4 5. Qc2 O-O (5... Bxc3 $5 {
Ribli}) 6. Nd5 Re8 (6... h6 $6 $14 {Ribl:i King,D-Bareev,E/Hastings/1990/CBM22/
INF51,35/}) 7. Qf5 {Ribli: Ein sehr kurioser Zug - und der zweite mit der Dame
in der Eroeffnung. Die Drohung ist der elementare Springerzug 8.Ng5.} d6 (7...
Be7 $6 {Ribli} 8. Nxe5 Nb4 9. Nxb4 Bxb4 10. a3 $5 d5 $6 11. Qc2 Rxe5 12. axb4
Bf5 13. d3 Qe7 14. Bd2 d4 15. Be2 dxe3 16. fxe3 Bg4 17. Bf3 $1 $16 {Kasparov,
G-Romanishin,O/URS-FL/1978/1/2-1/2/}) (7... Nxd5 $2 {Ribli} 8. cxd5 d6 9. Qe4
$16 {Rayner,F-Clarke,T/Dublin zt/1993/}) 8. Nxf6+ Qxf6 (8... gxf6 9. Qh5 d5 {
would have made this game much more entertaining for both me and the
expectators!} (9... d5 {Ribli} 10. a3 (10. Bd3 e4 11. cxd5 exd3 12. dxc6 bxc6
13. a3 (13. b3 Bf8 $13 14. Bb2 Re4 15. h3 Rb8 16. Nd4 Qd5 {0-1 Vlahos,K-Adams,
M/London NWYM 1987 (41)}) 13... Bf8 14. b4 a5 15. Bb2 Re4 16. bxa5 Rb8 {
0-1 Watson,J-Shirazi,K/Lone Pine op 1979 (22)}) (10. cxd5 Qxd5 11. Be2 Be6 12.
O-O e4 13. Qxd5 Bxd5 14. Nh4 $1 (14. Ne1 Rad8 15. d4 Bxe1 16. Rxe1 Nb4 {
-/+ Keene,R-Kortchnoi,V/Montreux 1977}) 14... Rad8 $13 15. f3 Be6 16. fxe4 Bxd2
17. Bb5 Kg7 {Kortschnoj,V-Karpov,A/Amsterdam Euwe-mem 1987/1/2-1/2 (58)}) 10...
Bf8 11. b4 (11. Bd3 $6 e4 12. cxd5 exd3 13. dxc6 bxc6 14. b4 a5 15. Bb2 axb4 (
15... Re4 16. Nd4 Rg4 17. g3 axb4 18. axb4 Rxa1+ 19. Bxa1 Bxb4 20. Nxc6 Qd6 {
0-1 Tapai,P-Brynell,S/Rilton Cup9495 1994 (38)}) 16. Qh4 Bf5 17. axb4 Rxa1+ 18.
Bxa1 Re4 19. Qxf6 Qxf6 20. Bxf6 Bxb4 21. O-O Re6 {0-1 Horvath,G-Sadler,M/EUCup
Gr6 Clichy 1993 (34)}) 11... Be6 12. cxd5 Qxd5 13. Bb2 Rad8 14. Be2 a5 15. bxa5
Nxa5 16. O-O Nb3 17. Rad1 Bg7 18. d4 e4 {1/2-1/2 Dal Borgo,A-Liepold,S/Huy op
1993 (28)}) (9... e4 10. a3 exf3 11. gxf3 (11. axb4 Nxb4 12. Ra4 Re5 13. Qxf3 (
13. Qh4 a5 14. gxf3 Rg5 15. Kd1 Bd7 16. Ra3 b6 17. d4 f5 18. f4 Rg6 {1/2-1/2
Johansen,D-Wohl,A/Sydney 1989 (30)}) 13... Nc2+ 14. Kd1 Bd7 15. Ra2 Nb4 16. Ra3
c5 17. d4 Rg5 $132 {Lerner,K-Romanishin,O/Kiev/1977/}) 11... Re5 12. Rg1+ Rg5
13. Rxg5+ fxg5 14. Bd3 f5 15. axb4 Nxb4 16. Bb1 Be6 17. Qh6 Bxc4 18. b3 Bxb3
19. Bxf5 Qe7 20. Rb1 Nc2+ 21. Kf1 Bc4+ 22. d3 {Horvath,G-Tolnai,T/AUT-chT 1994/
1-0 (65)})) 9. Qxf6 gxf6 {Ribli: Schwarz hat einen Doppelbauern, aber die
Stellung hat konkreten Charakter, und da ist dies nicht so wichtig.} 10. a3 Bc5
11. b4 (11. b3 a5 (11... Be6 {Ribli} 12. Bb2 a5 13. O-O-O d5 14. d4 exd4 15.
exd4 Bf8 16. Bd3 Ne7 17. c5 Ng6 18. Rde1 Nf4 19. Bc2 Kh8 20. Nh4 Bh6 21. Kb1
Bg5 22. Bc1 Bxh4 23. Bxf4 Bxf2 {Lukin,A-Akopian,V/URS-chT Podolsk 1990/0-1 (60)
}) 12. Bb2 Bb6 13. Be2 Ne7 14. O-O c6 15. d3 Be6 16. Nd2 f5 17. b4 Ng6 18. g3
Red8 19. d4 e4 20. Bc3 axb4 21. axb4 Bc7 {1/2-1/2 Alonso,R-Rodriguez,A/CUB-ch
1989. A horrible short game that lead Miles to prepare for our game here.}) (
11. d3 {Ribli} a5 12. b3 f5 13. Nd2 Re6 14. Be2 f4 15. Ne4 Bb6 16. Nc3 fxe3 17.
fxe3 Ne7 18. Ra2 c6 19. Na4 Ba7 {0-1 Sunye Neto,J-Spangenberg,H/Sao Paulo op
1991 (49)}) 11... Bb6 12. Bb2 a5 13. b5 Ne7 (13... Nd8 {Ribli} 14. Be2 a4 15.
O-O-O c6 16. d4 cxb5 17. c5 dxc5 18. Bxb5 Re7 19. dxe5 fxe5 20. Nxe5 Bc7 21.
Nd7 Bxd7 22. Rxd7 {1-0 Stone,R-Dlugy,M/Toronto 1989 (37)}) 14. d4 $5 {
According to my database a novelty confronting Black with the inmediate
possibility of breaking the center by c5 and b6. Previously White had probably
been concerned about the possibility of a5-a4 followed by Ba4+ and so he had
choosen moves like 14.a4, 14.Be2 and 14.Rc1 Ribli: Es ist interessant, daß
dieser natürliche Zug eine theoretische Neuerung ist.} (14. Be2 d5 (14... a4
15. O-O c6 16. bxc6 bxc6 17. Rab1 Ba5 $14 {Smejkal,J-Smyslov,V/Leningrad 1977})
15. d4 e4 16. Nd2 a4 17. Rc1 Ba5 18. Bc3 f5 19. c5 $14 {Agdestein,S-Timman,J/
Brussels SWIFT rapid 1992/EXP 29}) (14. Rc1 a4 15. Be2 c6 16. O-O Be6 17. d4
$14 {Rasmussen,N-Solozhenkin,E/Cappelle op 1995} (17. d4 {Ribli} Ba5 18. Rfd1
cxb5 19. d5 Bd7 20. cxb5 Rec8 21. e4 f5 22. exf5 Bxf5 23. Nh4 Bc2 24. Rf1 Bd2
25. Ra1 Be4 {0-1 Rasmussen,N-Solozhenkin,E/Cappelle op 1995 (38)})) (14. a4 Bc5
{Natuerlich Schwarz wartet nicht fuer l5.Ba3.Ribli.} 15. Be2 c6 16. O-O Bb4 17.
d4 Be6 18. Rfc1 $14 {Hansen,C-Gurevich,M/Antwerpen 1993}) 14... Bg4 $2 {
An absurd reply showing that I had no idea of this position, but unfortunately
that was not all, I was completely blind this day.} (14... e4 15. Nd2 f5 16.
Be2 $14) (14... Ng6 $142) (14... a4 $142 $5 {[%cal Gb6a5,Ga5e1] Ribli}) (14...
c5 {Ribli} 15. dxe5 $5 $14 (15. d5 f5) (15. dxc5 Bxc5 {[%csl Gc5]})) 15. c5 Ba7
(15... dxc5 16. dxe5 Bxf3 (16... fxe5 {Ribli} 17. Nxe5 $14) (16... f5 17. Bc4 (
17. h3 Bxf3 18. gxf3 $13) 17... Ng6 18. Ng5 $36 {[%csl Rf7]} (18. Rg1 $6 Kf8
19. Ng5 Nxe5 20. Bxe5 Rxe5 $13)) 17. gxf3 fxe5 18. Bxe5 Ng6 19. Bc3 $14) 16. b6
Bxf3 (16... Bb8 17. bxc7 Bxc7 18. cxd6 Bxd6 19. dxe5 $16 (19. dxe5 {Ribli} fxe5
20. Nxe5 $16)) (16... cxb6 {Ribli} 17. cxd6 $16) 17. gxf3 Bb8 18. Rg1+ Kf8 19.
Rd1 $1 {A very strong positional move.} c6 $2 {putting all hopes on a
desperate and ridiculous sacrifice. From now on the game becomes the typical
grandmaster vs amateur game.} (19... cxb6 20. dxe5 dxe5 (20... dxc5 {Ribli} 21.
exf6 Ng6 22. Bb5 {[%csl Gb5]} Rc8 23. f4 $16 {Ribli: Es ist nicht leicht für
Schwarz einen "regelgemäßen" Zug zu finden.}) 21. cxb6 $16) 20. dxe5 fxe5 (
20... dxe5 21. Rd7) 21. cxd6 Nd5 {Ribli: Auf diese Weisse gewinnt Schwarz das
Material zurück, aber seine Königsstellung ist hilflos.} 22. e4 Nxb6 23. f4 $1
f6 (23... exf4 {Ribli} 24. Bg7+ $18) (23... Nd7 {Ribli} 24. Bh3 {[%cal Rh3d7]}
Rd8 25. fxe5 $18) 24. fxe5 Nd7 (24... fxe5 {Ribli} 25. Rg5 $18 (25. Rd3 $18 {
[%csl Rf8][%cal Rd3f3,Gf1h3]})) 25. Bc4 1-0

[Event "Bundesliga 0910"]
[Site "Germany"]
[Date "2009.11.13"]
[Round "7.4"]
[White "Roiz, Michael"]
[Black "Rasmussen, Allan Stig"]
[Result "1-0"]
[WhiteElo "2658"]
[BlackElo "2536"]
[Annotator "Roiz/Meyer,CD"]
[PlyCount "79"]
[EventDate "2009.10.16"]
[EventType "team-tourn"]
[EventRounds "15"]
[EventCountry "GER"]
[SourceTitle "CBM 134"]
[Source "ChessBase"]
[SourceDate "2010.01.18"]
[SourceVersion "1"]
[SourceVersionDate "2010.01.18"]
[SourceQuality "1"]
[WhiteTeam "Werder Bremen"]
[BlackTeam "Hamburger SK"]
[WhiteTeamCountry "GER"]
[BlackTeamCountry "GER"]

1. c4 e5 2. Nc3 Nf6 3. Nf3 Nc6 4. a3 {Quite a rare choice. "White reasons that
...a6 is a handy move in almost every Sicilian Defence, so it makes sense to
try it for White." ("Mastering the Chess Openings", Volume 3, by John Watson)}
d5 5. cxd5 Nxd5 {"Confronted with the 'extra' move a3, Black may not want to
attack as White does in an Open Sicilian position , preferring to look for
simplifying ideas that yield equality. White, on the other hand, already has
the central majority." (Watson)} 6. Qc2 {"!, more flexible than 6.e3 or 6.e4" 
(Watson)} Be7 7. e3 O-O 8. Nxd5 Qxd5 9. Bd3 ({Before this game I played only} 
9. Bc4 {against Gajewski this year:} Qd6 10. b4 Be6 11. Bb2 Bf6 12. Bd3 h6 13.
Bh7+ Kh8 14. Be4 a5 15. b5 Ne7 16. O-O c6 17. d4 exd4 18. Nxd4 Bd5 19. bxc6
Bxe4 20. Qxe4 Nxc6 21. Rfd1 Rad8 22. h3 Rfe8 23. Qf3 Nxd4 24. Bxd4 Bxd4 25.
Rxd4 Qc7 26. Rxd8 Rxd8 27. Rb1 b6 28. g3 Kg8 29. e4 Qc5 30. a4 Rd4 31. Rd1 Qc4
{1/2-1/2 Roiz,M (2635)-Gajewski,G (2571), Lublin 2009}) 9... g6 $6 {Wirkt
nicht gerade vertrauenerweckend, mag aber spielbar sein, ...Kh8 und ...h6 sind
die üblichen Entgegnungen.} ({Alternativen/Studienmaterial: I} 9... Kh8 10. Be4
(10. Bc4 Qd6 11. b4 Bf6 12. Rb1 Ne7 13. d3 Bf5 14. Nd2 b5 15. Bxb5 Qd5 16. e4
Qxb5 17. exf5 Nxf5 18. Nf3 Rad8 19. Rb3 Nd4 20. Nxd4 exd4 21. O-O Be5 22. Bd2
Rfe8 23. Qc4 Qxc4 24. dxc4 d3 25. Be3 f5 26. g3 f4 27. gxf4 d2 28. Rd1 Bxf4 29.
Kf1 Re4 30. Ke2 Bxe3 31. Rxe3 Rxc4 32. Rxd2 Rf8 33. Rf3 Kg8 34. Rxf8+ {1/2-1/2
Kovalyov,A-Korneev,O/Alcala de Henares 2007/EXT 2008}) (10. b4 f5 11. b5 (11.
Bb2 e4 12. Bc4 Qd6 13. Nd4 Nxd4 14. Bxd4 Bf6 15. Bxf6 (15. Bc5 Qc6) 15... Qxf6
$11) 11... e4 12. Bc4 Qc5 (12... Qd6) 13. d4 exd3 14. Bxd3 Qxc2 15. Bxc2 Bf6
16. Rb1 Ne5 $11 {1:0/54, Agrest,E - Young,R, New York 1998}) 10... Qd6 11. b4 (
11. Qc3 f6 12. b4 a6 13. Bb2 Be6 14. Qc2 Rad8 15. O-O Bd7 16. Rac1 Qe6 17. Rfd1
Bd6 18. Bxh7 f5 19. e4 Ne7 20. d4 exd4 21. Rxd4 Bc6 22. e5 Bxf3 23. Rh4 Qd5 24.
exd6 Rxd6 25. gxf3 Rc6 26. Qe2 Rxc1+ 27. Bxc1 {1-0 Navara,D-Rublevsky,S/Khanty
Mansiysk 2007/CBM 122}) 11... f5 12. Bxc6 bxc6 13. Bb2 Bf6 14. O-O Be6 15. Rac1
Bd5 16. Qxf5 a5 17. Bxe5 Bxe5 18. Qxe5 axb4 19. Qxd6 cxd6 20. axb4 Rab8 21. Nd4
Rfc8 22. Nf5 Rf8 23. Nxd6 Rxb4 24. f3 Rf6 25. Ne4 Bxe4 26. fxe4 Rxf1+ 27. Kxf1
{1-0 Stripunsky,A-Milman,L/ICC INT 2008/CBM 126 Extra}) ({II} 9... h6 10. b4
Be6 (10... a6 11. Bb2 Bf6 12. O-O Bd7 13. Be4 Qb5 14. Bc3 Rfe8 15. Rfc1 $14 {
1:0/52, Badea,B (2435) - Marinelli,T (2320), Bucharest 1992}) (10... Bg4 11.
Be4 Qe6 (11... Qd6 12. Bb2 Bf6 13. b5 Nd8 (13... Ne7) 14. O-O c6 15. Bc3 Re8
16. Rfb1 Bd7 17. a4 Rc8 (17... Ne6) 18. Qb2 c5 $2 (18... b6) 19. d3 $16 {
1:0/29, Bourquin,P (2334) - Vaczi,I (2130), IECG email 2003/Corr 2008}) 12. Bb2
Bd6 13. Bxc6 bxc6 14. Qxc6 Rfe8 15. Bc3 Rab8 16. h3 Bf5 17. e4 Bg6 18. O-O Rb6
19. Qd5 Qxd5 20. exd5 Rb5 21. d4 exd4 22. Nxd4 Rxd5 23. Nc6 Rd3 24. Bb2 Re2 25.
Bc1 Be4 26. b5 Rg3 {0-1 Badea,B-Schwartzman,G/Bucharest 1994/EXT 1998}) 11.
Bh7+ Kh8 12. Be4 Qd6 13. Bb2 (13. Bxc6 bxc6 14. Bb2 f6) 13... Bf6 14. h4 Bd5
15. g4 a6 (15... Rfe8) 16. g5 Be7 17. O-O-O h5 $2 (17... f5 $5) 18. d4 $16 {
1:0/35, Henrichs,T (2439) - Bruemmer,F (2226), Duisburg 2003}) 10. b4 (10. Be4
Qb5 (10... Qd6 $143 11. b4 (11. Bxc6 $4 bxc6 12. d4 exd4 13. exd4 Ba6 14. Be3
Rfb8 15. b4 Bb5 16. Nd2 a5 17. Rb1 axb4 18. axb4 Qd5 19. f3 Ra2 20. Rb2 Rba8
21. Kf2 Bxb4 {0-1, Schultchen,R-Antonov,V/ICCF corr 1978}) 11... f5 (11... Be6
12. Bb2 Bf6 13. h4 h5 14. b5) 12. Bxc6 bxc6 13. Bb2 e4 14. Ne5 Bf6 15. Nc4 $14)
11. b4 (11. a4 Qa5) 11... Rd8 12. Rb1 a5 13. a4 Qb6 14. Bxc6 bxc6 15. Nxe5 Bxb4
16. O-O $13) 10... a6 $2 {Schwarz verpaßt die Gelegenheit, mit Be6 oder Rd8
eine harmonische Aufstellung einzunehmen und gerät rasch in die Bredouille.} ({
I} 10... Bxb4 $2 11. Bc4 Qa5 12. Rb1 $1 Bd6 13. Rb5 Qa6 14. Rxe5 Qxc4 15. Qxc4
Nxe5 16. Nxe5 Bxe5 17. d4 $16) ({II} 10... Be6 $5 11. Bb2 (11. Be4 Qb5 12. Bb2
a5 13. a4 Qb6 14. Bxc6 Qxc6 (14... bxc6 15. bxa5 Rxa5 16. Nxe5 Rc5 17. Bc3) 15.
Qxc6 bxc6 16. bxa5 f6 17. Bc3 c5 $13 {/=}) 11... f5 12. e4 Qd6 13. O-O Rad8 14.
Bc4 fxe4 15. Bxe6+ Qxe6 16. Qxe4 Rf4 $11) ({III} 10... Rd8 $5 11. Bc4 Qd6 12.
Bb2 Bf6 13. h3 Be6 14. O-O a6 $11) 11. Bb2 Bd7 {Dieser moderate
Entwicklungszug, der der Drohung Be4(-xc6 nebst Schlagen auf e5) Rechnung
trägt, zeigt bereits, wie schwierig die schwarze Position zu spielen ist.} ({
Falls} 11... Be6 {, so kann stark} 12. Be4 Qb5 13. h4 $1 {/\h5 folgen.}) 12. h4
$1 ({Scharf gewürztes Englisch von einem gebürtigen Russen aus Israel! Weiß
setzt sofort energisch nach und erhöht den Druck, während das ruhige} 12. O-O
Rad8 13. Rac1 $14 {ihm einen soliden, kleinen Vorteil gegeben hätte, z.B.} Bf6
(13... Rfe8 14. Be4 Qe6 15. Bxc6 Bxc6 16. Nxe5) (13... Qd6 14. Be4 Bf6 15. Rfd1
) 14. Be4 Qb5 15. h3 Rfe8 16. d3 Bg7 17. Rfd1 $14) 12... Rad8 ({I Auf das
provokante} 12... h5 $2 {kann sehr wohl} 13. Bxg6 $1 {folgen, z.B.} (13. Rc1
Qd6 14. O-O Bf6 15. Be4 $14) (13. O-O Qd6 14. Be4 $14) 13... fxg6 14. Qxg6+ Kh8
15. Qxh5+ Kg8 16. Ng5 Bf5 (16... Rf7 17. Nxf7 Qxf7 18. Qxf7+ Kxf7 19. f3 $16)
17. Rh3 Kg7 (17... Rf7 $4 18. e4 Bxe4 19. Nxf7) (17... Rf6 $4 18. Rg3 Bg6 19.
Nh7) 18. Rg3 Bg6 19. Nf3 Qe6 20. Bxe5+ (20. Nxe5 Nxe5 21. Bxe5+ Kf7 22. Qh6 Bf5
23. Rg7+ Ke8 24. Qxe6 Bxe6 25. g3) 20... Kf7 21. Qh6 Bf5 22. Rg7+ Ke8 23. Qxe6
Bxe6 24. Bb2 $16) ({II} 12... Bg4 $2 13. Be4) 13. h5 Qe6 $2 ({Das geringere
Übel ist} 13... Qd6 {, z.B.} 14. hxg6 (14. Be4 Rfe8 15. hxg6 fxg6) 14... fxg6 (
14... hxg6 $2 15. Be4 Bf6 (15... Kg7 16. Bxc6 Qxc6 17. Qxc6 Bxc6 18. Nxe5 Bxg2
19. Rg1 f6 20. Rxg2 fxe5 21. Bxe5+) 16. Bxg6 $18 fxg6 17. Qxg6+ Bg7 18. Qh7+
Kf7 19. Ng5+ Ke8 20. Qxg7) 15. O-O-O Bg4 (15... Rf7 16. Be4 Bf5 17. Bxf5 gxf5 (
17... Rxf5 18. Qb3+ Kg7 19. d4) 18. Rh5 Qd3 19. Rdh1 $16) 16. Bc4+ Kg7 (16...
Be6 17. d4 $1) 17. Qe4 $5 Bf5 18. Qf4 h5 19. Nxe5 Bf6 20. d4 $16) 14. hxg6 hxg6
15. O-O-O $1 {(+-) Mit den tödlichen Drohungen Bc4 und/oder d4 sowie Be4-xc6
plus Nxe5, gegen die es keine ausreichenden Verteidigungen gibt. Der Rest ist
pure Agonie.} ({Weniger Duchschlagskraft hat das sofortige} 15. Be4 $143 {
, z.B.} Rfe8 16. Bxc6 Bxc6 17. Nxe5 Bxg2 18. Rg1 Bf6 19. Nxg6 Bxb2 20. Nf4 Qf6
21. Rxg2+ Kf8 22. Rb1 Be5 23. Ne2 $16) 15... b5 ({Oder: I} 15... Rfe8 16. Bc4
Qf6 17. d4 $18) ({II} 15... Qf6 16. Be4 Qg7 17. Bxc6 Bxc6 18. Nxe5 Bf6 19. Nxc6
$18) 16. Be4 f5 ({Oder: I} 16... Bf6 17. Bxg6 fxg6 18. Qxg6+ Bg7 19. Qh7+ Kf7
20. Ng5+ $18) ({II} 16... a5 17. d4 $1 $18 exd4 18. Nxd4 Nxd4 19. Bxd4 f5 20.
Rh8+ Kf7 21. Bd5 Qxd5 22. Rh7+ Ke8 23. Rxe7+ Kxe7 24. Bc5+ $18) ({III} 16...
Be8 17. d4 $1 exd4 18. Nxd4 Nxd4 19. Rxd4 Rxd4 20. Bxd4 Bf6 (20... f6 21. Bxg6
$18) 21. Bd5 $1 $18) 17. Bxc6 Qxc6 (17... Bxc6 18. Nxe5 Bxg2 (18... Rd6 19. Rh6
Be8 20. Rdh1 (20. Nf7 $1 $18) 20... Bf6 21. Qxc7 $18) 19. Rh6 Rf6 20. Rg1 $18)
18. Qxc6 ({Auch: I} 18. Bc3 Bf6 19. Nxe5 Bxe5 20. Bxe5 $18) ({II} 18. Rh6 Qxc2+
19. Kxc2 Be8 20. Rdh1 e4 (20... Bf6 21. Bxe5 $18) 21. Rh7 Bf6 22. Ng5 Rxd2+ 23.
Kxd2 Bxb2 24. Rxc7 $18) 18... Bxc6 19. Nxe5 Be8 20. Rh6 Bg5 21. Rh3 (21. Rh8+
Kxh8 22. Nf7+ Kg8 23. Nxg5 Rf7 24. Rh1 Kf8 25. Ne6+ Ke7 26. Nxd8 Kxd8 27. Bd4
$18) 21... Bf6 22. Nf3 $138 (22. Rdh1 $18) 22... Be7 (22... Bc6 23. Bxf6 Bxf3
24. gxf3 Rxf6 25. d4 f4 26. Kd2 $18) 23. Bd4 a5 (23... Rd5 24. Rdh1 Kf7 25.
Rh7+ Ke6 26. Kb2 $18) 24. Rh8+ Kf7 25. Rh7+ Ke6 26. Rxe7+ Kxe7 27. Bc5+ Rd6 28.
bxa5 Ke6 29. Rh1 (29. Ng5+ Kd5 30. Bxd6 Kxd6 31. Rh1 $18) 29... Rc6 30. Nd4+
Kd5 31. Nxc6 Kxc5 32. Nb4 (32. Ne5 Kd5 33. d4 c5 34. a6 cxd4 35. a7 Bc6 36.
Nxc6 Kxc6 37. exd4 $18) 32... Kd6 33. d4 Bf7 34. Kb2 c5 35. dxc5+ Kxc5 36. Rh7
g5 37. Rh6 Be8 38. Kc3 Bd7 39. a6 (39. f3 Re8 40. Na6+ Kd5 41. Nc7+ $18) 39...
g4 40. a7 1-0

[Event "Interpolis-03"]
[Site "Tilburg"]
[Date "1979.11.07"]
[Round "6"]
[White "Smyslov, Vassily V"]
[Black "Romanishin, Oleg M"]
[Result "0-1"]
[WhiteElo "2560"]
[BlackElo "2560"]
[Annotator "Romanishin,O"]
[PlyCount "66"]
[EventDate "1979.11.01"]
[EventType "tourn"]
[EventRounds "11"]
[EventCountry "NED"]
[EventCategory "15"]
[SourceTitle "MCL"]
[Source "ChessBase"]
[SourceDate "1999.07.01"]
[SourceVersion "1"]
[SourceVersionDate "1999.07.01"]
[SourceQuality "1"]

1. c4 e5 2. Nc3 Nf6 3. Nf3 Nc6 4. e3 Bb4 5. Qc2 Bxc3 6. Qxc3 Qe7 7. a3 (7. d4
$6 Ne4 8. Qd3 exd4 9. Nxd4 O-O $15) 7... O-O 8. d3 (8. b4 $5) 8... a5 9. Be2 $2
(9. b3) 9... a4 10. O-O $6 (10. e4 $1) 10... d6 (10... d5 $1 11. cxd5 Nxd5 12.
Qc2 Be6 $15) 11. Nd2 (11. e4 $5) 11... Bg4 $1 $17 12. f3 Bd7 13. Ne4 Ne8 $1 14.
Qe1 f5 15. Nc3 Nf6 16. Bd2 (16. Qf2 $1 {/\d4}) 16... Na5 17. Bd1 b6 18. Nxa4 e4
$1 19. Bxa5 (19. Qe2 $5) 19... Rxa5 20. Nc3 exd3 21. Qd2 Re5 22. Re1 f4 23. e4
$2 (23. Qxd3 fxe3 24. Be2 $17) 23... Be6 $1 24. Qxd3 Nd7 25. Ba4 Nc5 26. Qf1
Qh4 27. Bc2 Rh5 28. h3 Rg5 29. Qf2 (29. Kh1 Rg3 30. Ne2 (30. Kh2 Rf6 31. Nd5
Rh6 $19) 30... Bxh3 31. Nxg3 Be6+ 32. Kg1 fxg3 $19) 29... Rg3 30. Re2 Bxh3 31.
Qf1 Bxg2 $1 32. Qxg2 Rf6 33. e5 Rh6 0-1

[Event "RUS-ch 68th"]
[Site "Chita"]
[Date "2015.08.11"]
[Round "3"]
[White "Khairullin, Ildar"]
[Black "Svidler, Peter"]
[Result "1/2-1/2"]
[WhiteElo "2662"]
[BlackElo "2739"]
[Annotator "Sagar Shah"]
[PlyCount "35"]
[EventDate "2015.08.09"]
[EventType "tourn"]
[EventRounds "11"]
[EventCountry "RUS"]
[EventCategory "18"]
[SourceTitle "CBM 168"]
[Source "ChessBase"]
[SourceDate "2015.09.14"]
[SourceVersion "1"]
[SourceVersionDate "2015.09.14"]
[SourceQuality "1"]

1. c4 e5 2. Nc3 Nf6 3. Nf3 Nc6 4. e3 Bb4 5. Qc2 Bxc3 6. bxc3 O-O 7. e4 d6 8. g3
Nd7 9. Bg2 Nc5 10. Nh4 {In the game Khairullin, Svidler nothing outstandingly
exciting happened. But Peter was able to show a very thematic idea in this
position. What would you play as Black?} a6 $1 {There are many other possible
moves but I like this one the most and the computer also approves it. One of
the reasons why I simply love this move is because it is quite
counter-intuitive. White has the doubled pawns on c3-c4 and Black is preparing
to dissolve them with the move b7-b5!} 11. O-O $1 b5 $1 {Why is the move b5 so
strong? First of all we are threatening to take on c4. If White decides to
take on b5 then it opens the a-file and Black can put some good amount of
pressure on the a2 pawn with the bishop coming on a6. All in all a6 followed
by b5 should become a part of your positional arsenal in such structures.} 12.
d4 $5 {Khairullin realises that he must do something active before he gets
into a positionally worse middlegame. With powerful moves he is just about
able to maintain the balance.} (12. cxb5 axb5 13. Nf5 Be6 $15) 12... exd4 13.
cxd4 Nxd4 14. Qd2 Nc6 15. e5 Bb7 16. exd6 Qxd6 17. Qxd6 cxd6 18. Nf5 {The game
is just equal and ended in a draw after a few moves.} 1/2-1/2